| 000 | 00921nam a2200229 i 4500 | ||
|---|---|---|---|
| 001 | 34395 | ||
| 003 | ES-MaACL | ||
| 005 | 20250406174905.0 | ||
| 007 | t| | ||
| 008 | 030207s1961 sp ||||1| spa d | ||
| 100 | 1 |
_aBlanco Soler, C., _d1894-1962 _929295 |
|
| 245 | 1 | 0 |
_aVejez, envejecimiento y la llamada lucha contra la vejez / _cDiscurso para la recepción pública del... Dr. D. Carlos Blanco Soler... y contestación del... Dr. D. José A. Palanca Martínez Fortún. |
| 260 |
_aMadrid : _bCosano, _c1961. |
||
| 300 |
_a99 p. : _bil. ; _c24 cm. |
||
| 500 | _aPrecede al tít.: Real Academia Nacional de Medicina. | ||
| 650 | 0 | 4 |
_aVejez. _917756 |
| 650 | 0 | 4 |
_aEnvejecimiento. _912329 |
| 700 | 1 |
_aPalanca y Martínez Fortún, José Alberto, _d1888-1973 _9155308 |
|
| 710 | 2 |
_aReal Academia Nacional de Medicina (España) _96344 |
|
| 852 |
_aES-MaACL _jC-21373 _bR.49187 |
||
| 999 |
_c34395 _d34395 |
||